General studies (Record no. 519305)

000 -LEADER
fixed length control field 00405nam a22001337a 4500
082 ## - DEWEY DECIMAL CLASSIFICATION NUMBER
Classification number PKP A72 V212e
100 ## - MAIN ENTRY--PERSONAL NAME
Personal name Ravi and Vajiram
9 (RLIN) 30150
245 ## - TITLE STATEMENT
Title General studies
Remainder of title Environment and ecology
Statement of responsibility, etc by Vajiram and Ravi
260 ## - PUBLICATION, DISTRIBUTION, ETC. (IMPRINT)
Place of publication, distribution, etc New Delhi
Name of publisher, distributor, etc Vajiram and Ravi
Date of publication, distribution, etc 2020-2021
300 ## - PHYSICAL DESCRIPTION
Extent 279p.
650 ## - SUBJECT ADDED ENTRY--TOPICAL TERM
Topical term or geographic name as entry element General studies
9 (RLIN) 30151
650 ## - SUBJECT ADDED ENTRY--TOPICAL TERM
Topical term or geographic name as entry element Ecology
9 (RLIN) 30152
650 ## - SUBJECT ADDED ENTRY--TOPICAL TERM
Topical term or geographic name as entry element Environmental policy
9 (RLIN) 30153
Holdings
Withdrawn status Lost status Source of classification or shelving scheme Damaged status Koha normalized classification for sorting Not for loan Permanent location Current location Date acquired Total Checkouts Full call number Barcode Date last seen Date last borrowed Price effective from Koha item type
        PKP_A72_V212E   Indian Institute of Public Administration Indian Institute of Public Administration 2022-02-22 1 PKP A72 V212e 88763 2022-09-26 2022-04-28 2022-02-22 Book

Powered by Koha